000 00651nam a22001577a 4500
003 OSt
005 20150922142454.0
008 150922b xxu||||| |||| 00| 0 eng d
040 _cRUA
082 _aAGR NAN 2007 B034 Or.1
100 _91114
_aNAN, SENGDINA.
245 _aCashew-nut of small householders in prasat sambor district, kampong thom province ផលិតកម្មដំណាំស្វាយចន្ទីជាលក្ខណៈគ្រួសារនៅស្រុកប្រាសាទសំបូរ ខេត្តកំពង់ធំ
260 _aPhnom Penh
_bRUA
_c2007
300 _a58p.
_bill.
_c29cm.
942 _2ddc
_cAGR
999 _c1066
_d1066